000 00231nam a22000857a 4500
008 160810b xxu||||| |||| 00| 0 eng d
100 _9104
_aDixon F.W
245 _aThe Hardy Boys: The sky fire puzzle
260 _aArmada
_bGrossel N.V
_c1985
999 _c2757
_d2757